000 00485nam a2200181Ia 4500
003 SISC
005 20181022092110.0
008 181016s9999 xx 000 0 und d
020 _a9780307454546
050 _aPT 9876.22.A693
_b.St855 2008
100 _aLarsson, Stieg
245 _aThe girl with the dragon tattoo/
_cStieg Larsson
260 _aNY:
_bVintage Books
_c2008
300 _a590 pages :
_c20 cm.
650 _aCorruption
_xFiction
942 _2lcc
_cBK
999 _c359227
_d359227